Normal view
MARC view
- DOW EDUCATION SYSTEM
Entry Personal Name
001 - CONTROL NUMBER
- control field: 75902
003 - CONTROL NUMBER IDENTIFIER
- control field: NUST
005 - DATE AND TIME OF LATEST TRANSACTION
- control field: 20210628205528.0
008 - FIXED-LENGTH DATA ELEMENTS
- fixed length control field: 210628|| aca||aabn | a|a d
040 ## - CATALOGING SOURCE
- Original cataloging agency: NUST
- Transcribing agency: NUST
100 ## - HEADING--PERSONAL NAME
- Personal name: DOW EDUCATION SYSTEM
670 ## - SOURCE DATA FOUND
- Source citation: Work cat.: (NUST): DOW EDUCATION SYSTEM, BASIC INDUSTRIAL MATHEMATICS A TEXT WORKBOOK, 1972
